| 000 | 01066cam a22002773a 4500 | ||
|---|---|---|---|
| 001 | 23595 | ||
| 003 | PGUSA | ||
| 005 | 20140828083513.0 | ||
| 008 | 071122s2007||||xxu|||||s|||||000 | eng d | ||
| 040 |
_aPGUSA _beng |
||
| 042 | _adc | ||
| 050 | 4 | _aCT | |
| 100 | 1 |
_aHubbard, Elbert, _d1856-1915 |
|
| 245 | 1 | 0 |
_aLittle Journeys to the Homes of the Great - Volume 11 : _bLittle Journeys to the Homes of Great Businessmen _h[electronic resource] / _cElbert Hubbard |
| 260 |
_bProject Gutenberg, _c2007 |
||
| 505 | 0 | _aRobert Owen -- James Oliver -- Stephen Girard -- Mayer A. Rothschild -- Philip D. Armour -- John J. Astor -- Peter Cooper -- Andrew Carnegie -- George Peabody -- A. T. Stewart -- H. H. Rogers -- James J. Hill. | |
| 506 | _aPublic domain in the USA. | ||
| 516 | _aElectronic text | ||
| 653 | _aGreat Britain -- Biography | ||
| 653 | _aBusinessmen -- Biography | ||
| 653 | _aFrance -- Biography | ||
| 653 | _aUnited States -- Biography | ||
| 830 | 0 |
_aProject Gutenberg _v23595 |
|
| 856 | 4 | 0 | _uhttp://www.gutenberg.org/ebooks/23595 |
| 942 | _cEB | ||
| 999 |
_c252850 _d252850 |
||